| Tag |
First Indicator |
Second Indicator |
Subfields |
| LEADER |
00000cam a2200000 4500 |
| 001 |
in00000711348 |
| 005 |
20151016054844.0 |
| 008 |
740312s1965 nyuachj b 00000 engsu |
| 010 |
|
|
|a 65029081
|
| 035 |
|
|
|a (OCoLC)00826787
|
| 035 |
|
|
|9 ADC5532AM
|
| 040 |
|
|
|c KEN
|d TXA
|d UtOrBLW
|
| 041 |
1 |
|
|a eng
|a und
|
| 049 |
|
|
|a TXAM
|c [458563]
|
| 050 |
0 |
0 |
|a PA8340
|b .H35 1965
|
| 092 |
|
|
|a 878
|b H873Yh
|
| 100 |
1 |
|
|a Haight, Anne Lyon.
|
| 245 |
1 |
0 |
|a Hroswitha of Gandersheim ;
|b her life, times, and works, and a comprehensive bibliography.
|
| 264 |
|
1 |
|a New York :
|b Hroswitha Club,
|c 1965.
|
| 300 |
|
|
|a xiv, 129 pages :
|b illustrations, facsimiles, genealogical table, portrait ;
|c 27 cm.
|
| 336 |
|
|
|a text
|b txt
|2 rdacontent
|
| 337 |
|
|
|a unmediated
|b n
|2 rdamedia
|
| 338 |
|
|
|a volume
|b nc
|2 rdacarrier
|
| 505 |
0 |
|
|a Hroswitha of Gandersheim: her life, her times, her works [by] A. L. Haight.--Performances of Hroswitha's plays [by] M. D. Barlow.--The manuscripts [by] M. Harrsen.--Lost manuscripts [by] M. Harrsen.--Printed editions, including translations [by] M. D. Barlow.--References to Hroswitha and her writing [by] M. D. Barlow.--Index.
|
| 600 |
0 |
0 |
|a Hrotsvit,
|c of Gandersheim.
|
| 710 |
2 |
|
|a Hroswitha Club, New York.
|
| 999 |
|
|
|a MARS
|
| 999 |
f |
f |
|s ef58a240-9066-3142-b643-3268abb47fe3
|i 15a01e18-ff29-3579-a0f6-76196004ea18
|t 0
|
| 952 |
f |
f |
|p ric
|a Texas A&M University
|b Rellis Campus
|c Joint Library Facility
|s JLF
|d Remote Storage
|t 0
|e PA8340 .H35 1965
|h Library of Congress classification
|i unmediated -- volume
|m A14801389608
|
| 998 |
f |
f |
|a PA8340 .H35 1965
|t 0
|l Remote Storage
|